|
|
|
|
| LEADER |
01860nam a2200313 a 4500 |
| 001 |
11913406 |
| 008 |
110514s2000 mauab b 001 0 eng |
| 010 |
|
|
|a 00024459
|
| 020 |
|
|
|a 0072909323 (acid-free paper)
|
| 020 |
|
|
|a 0071180729 (ISE : acid-free paper)
|
| 040 |
|
|
|a DLC
|c DLC
|d DLC
|d BD-DhAAL
|
| 082 |
0 |
0 |
|a 363.7
|2 21
|
| 100 |
1 |
|
|a Cunningham, William P.
|
| 245 |
1 |
0 |
|a Environmental science :
|b a global concern /
|c William P. Cunningham, Barbara Woodworth Saigo.
|
| 250 |
|
|
|a 6th ed.
|
| 260 |
|
|
|a Boston :
|b McGraw-Hill,
|c c2001.
|
| 300 |
|
|
|a xix, 646 p. :
|b col. ill., col. maps ;
|c 29 cm. +
|e 1 computer optical laser disc (4 3/4 in.)
|
| 538 |
|
|
|a System requirements for accompanying computer dic: Macintosh and Windows.
|
| 504 |
|
|
|a Includes bibliographical references and index.
|
| 541 |
|
|
|e 00022566
|
| 650 |
|
0 |
|a Environmental sciences.
|
| 700 |
1 |
|
|a Saigo, Barbara Woodworth.
|
| 852 |
1 |
|
|a Ayesha Abed Library
|c General Shelf.
|
| 999 |
|
|
|c 10820
|d 10820
|
| 952 |
|
|
|0 0
|1 0
|2 ddc
|4 1
|6 363_700000000000000_CUN
|7 0
|9 16349
|a BRACUL
|b BRACUL
|c SPS
|d 2011-05-14
|e Photo copy collection from NSU
|l 6
|m 6
|o 363.7 CUN
|p 3010022566
|r 2012-08-30
|s 2012-05-14
|t 1
|w 2011-05-14
|y BK
|
| 952 |
|
|
|0 0
|1 0
|2 ddc
|4 1
|6 363_700000000000000_CUN
|7 0
|9 16350
|a BRACUL
|b BRACUL
|c SPS
|d 2011-05-14
|e Photo copy collection from NSU
|l 4
|m 11
|o 363.7 CUN
|p 3010022567
|r 2018-09-13
|s 2018-09-11
|t 2
|w 2011-05-14
|y BK
|
| 952 |
|
|
|0 0
|1 0
|2 ddc
|4 0
|6 363_700000000000000_CUN
|7 0
|9 53438
|a SCL
|b SCL
|c GEN
|d 2015-04-15
|e Gift: The Asia Foundation
|l 0
|o 363.7 CUN
|p 3020003248
|r 2015-04-15
|t 3
|w 2015-04-15
|y BK
|
| 952 |
|
|
|0 0
|1 0
|2 ddc
|4 0
|6 363_700000000000000_CUN
|7 0
|9 53473
|a SCL
|b SCL
|c GEN
|d 2015-04-16
|l 0
|o 363.7 CUN
|p 3020000440
|r 2015-04-16
|t 4
|w 2015-04-16
|y BK
|
| 952 |
|
|
|0 0
|1 0
|2 ddc
|4 0
|6 363_700000000000000_CUN
|7 0
|9 53503
|a SCL
|b SCL
|c GEN
|d 2015-04-19
|e Gift: The Asia Foundation
|l 0
|o 363.7 CUN
|p 3020003762
|r 2015-04-19
|t 5
|w 2015-04-19
|y BK
|